00871nam a2200253Ia 4500003000900000005001700009008004100026040003300067041000800100080001300108100003100121245003000152250008300182260003700265300002400302650001400326650003000340650008300370650003100453650001100484942000700495952009800502999001700600LK-CoDNM20241001151719.0010623t1932 xxu||||| |||| 00| 1 eng d aLK-CoDNMdLK-CoDNMeLK-CoDNM aeng a24 bT22 aStreeter, Burnett Hillman. aThe Buddha and the Christ aan exploration of the meaning of the universe and of the purpose of human life bMacmillan Co .LtdaLondonc1932 bxiii, 336p. ; 21 cm aAstrology aThe Buddha and the Christ aan exploration of the meaning of the universe and of the purpose of human life aStreeter, Burnett Hillman. a24 T22 cBK 001041708OBCaMAINbMAINcREFd2024-10-01l0o24 T22pOJP2520r2024-10-01w2024-10-01yBK c96169d96169